Robinson Crusoe (parte I)

Novela de aventura más conocida de Daniel Defoe que relata la historia de Robinson Crusoe, un marinero de York, que tras varias desventuras acaba siendo el único superviviente del barco, volviéndose náufrago en una isla desierta por 28 años. Es hasta que descubre que esta es visitada cada cierto tie...

Deskribapen osoa

Gorde:
Xehetasun bibliografikoak
Egile nagusia: Defoe, Daniel
Formatua: Liburua
Hizkuntza:Undetermined
Argitaratua: Madrid, España Ediciones Aguilar 1951
Edizioa:2
Gaiak:
Etiketak: Etiketa erantsi
Etiketarik gabe, Izan zaitez lehena erregistro honi etiketa jartzen!

MARC

LEADER 00000nam a2200000Ia 4500
008 170316s9999 xx 000 0 und d
040 |a cru BVZT 
090 |a 820 D-3r 
100 |a Defoe, Daniel 
245 |a Robinson Crusoe (parte I) 
250 |a 2 
260 |a Madrid, España 
260 |b Ediciones Aguilar 
260 |c 1951 
300 |a 527 páginas páginasarte I 
520 |a Novela de aventura más conocida de Daniel Defoe que relata la historia de Robinson Crusoe, un marinero de York, que tras varias desventuras acaba siendo el único superviviente del barco, volviéndose náufrago en una isla desierta por 28 años. Es hasta que descubre que esta es visitada cada cierto tiempo por un grupo indígenas caníbales y tras rescatar un prisionero, Viernes, se unen para rescatar a los demás prisioneros y buscar la manera de contactar con el exterior. 
650 |a LITERATURA INGLESA  |9 12 
650 |a NOVELA  |9 13 
650 |a EN IDIOMA ESPAÑOL 
999 |c 6847  |d 6847 
942 |c 15 D  |h 820 D-3r  |2 z